000 01024nam a22002537a 4500
005 20240530110407.0
008 150203s2010 ua f b 000 0 ara d
017 _a2009/7161
_bمصر . دار الكتب المصرية
020 _a9773682581
040 _aEG-CaGPL
041 0 _aara
082 0 4 _221
_a796.346\
_bف ر
100 0 _aفتحى احمد هادى السقاف
245 1 0 _aرياضة تنس الطاولة :
_bالمهارات - مراحل النمو الانتقاء - المدرب /
_cفتحى احمد هادى السقاف
260 _aالاسكندرية :
_bمؤسسة حورس الدولية للنشر و التوزيع ،
_c2010
300 _a136 ص ؛
_c24 سم
490 _aسلسلة الكتاب العلمى المنهجى
504 _aببليوجرافية : ص 124 - 132
650 0 4 _aتنس الطاولة
_xتدريب
650 0 4 _aالعاب المضرب
650 0 4 _aالالعاب الرياضية
942 _2ddc
_cBK
999 _c60372
_d60372